000 00367nam a2200121 4500
999 _c9631
_d9631
008 180712b ||||| |||| 00| 0 eng d
100 _928573
_aChoi, Candice
245 _aFast food becoming a dirty term in restaurant industry/
_cCandice Choi
260 _aPhilippines
_bManila Bulletin
_cc2016
300 _apage 11.
650 0 _928574
_aRestaurants.
942 _2ddc
_cPER